000 01299naa a22003497a 4500
001 BR7100146
003 BR-BrBNA
005 20240918173418.0
007 ta
008 230509b bl.||||| |||| 00| 0 por d
040 _aBR-BrBNA
_bpor
_cBiblioteca Nacional de Agricultura
041 _a(Pt)
072 _aF30; F60
_b1400
090 _aF30 BR7100146
100 1 _aEira, P.A. da
111 1 _aSeminario sobre Metodologia e Planejamento de Pesquisa com Leguminosas Tropicais
_cCampos, RJ (Brazil)
_d25 Jul 1970
245 1 _aExperimentos exploratorios de fertilidade [variedade; Rhizobium; Nutricao vegetal; Adubacao; Suplemento mineral; Suplemento nitrogenado]
260 3 _aBrasilia, DF (Brasil):
_c1971.
500 _aAs leguminosas na agricultura tropical Brasilia, DF (Brasil): 1971. p. 303-309 (BR7100146-AM)F30
650 _aMelhoramento genetico vegetal
650 _aBioquimica vegetal
650 _aVariedade
650 _aRhizobium
650 _aFisiologia vegetal
650 _aNutricao vegetal
650 _aAdubacao
650 _aSuplemento mineral
650 _aSuplemento nitrogenado
773 0 _tAs leguminosas na agricultura tropical
_wF30 BR7100146
_gBrasilia, DF (Brasil), 1971. p. 303-309
909 _a202404
_bLucia
_c55
_dLucia Elande
942 _cAM
_2AGRIS
999 _c304459
_d304459